Countries Hidden in Chemical Symbols - Statistics

General Stats
  • This quiz has been taken 38 times
  • The average score is 14 of 15
Answer Stats
Elements Country % Correct
Gallium + Boron + Oxygen + Nitrogen Gabon
100%
Beryllium + Nickel + Nitrogen Benin
97%
Copper + Barium Cuba
97%
Argon + Germanium + Nitrogen + Titanium + Sodium Argentina
94%
Holmium + Neodymium + Uranium + Radium + Sulphur Honduras
94%
Iodine + Rhenium + Lanthanum + Neodymium Ireland
94%
Potassium + Osmium + Oxygen + Vanadium + Oxygen Kosovo
94%
Molybdenum + Sodium + Cobalt Monaco
94%
Neon + Phosphorus + Aluminium Nepal
94%
Protactinium + Lanthanum + Uranium Palau
94%
Barium + Hydrogen + Americium + Arsenic Bahamas
90%
Carbon + Hydrogen + Iodine + Sodium China
90%
Fluorine + Indium + Lanthanum + Neodymium Finland
90%
Potassium + Iridium + Iodine + Barium + Titanium Kiribati
90%
Silicon + Nitrogen + Gallium + Phosphorus + Oxygen + Rhenium Singapore
90%
No matching quizzes found
Score Distribution
Percent of People with Each Score
Percentile by Number Answered
Your Score History
You have not taken this quiz